Trabajadores independientes, mercado laboral e informalidad en Argentina (Registro nro. 3903)
[ vista simple ]
| 000 -LEADER | |
|---|---|
| fixed length control field | 01643 a2200313 4500 |
| 001 - CONTROL NUMBER | |
| control field | 45052 |
| 005 - DATE AND TIME OF LATEST TRANSACTION | |
| control field | 20260407155725.0 |
| 008 - FIXED-LENGTH DATA ELEMENTS--GENERAL INFORMATION | |
| fixed length control field | 260407a2011 arg spa d |
| 003 - CONTROL NUMBER IDENTIFIER | |
| control field | AR-UNSa-BCEJYS |
| 040 ## - CATALOGING SOURCE | |
| Original cataloging agency | AR-UNSa-BCEJYS |
| Language of cataloging | spa |
| Transcribing agency | AR-UNSa-BCEJYS |
| 080 ## - UNIVERSAL DECIMAL CLASSIFICATION NUMBER | |
| Universal Decimal Classification number | 331.5 |
| Common auxiliary subdivision | Mercado de Trabajo. Empleo |
| 020 ## - INTERNATIONAL STANDARD BOOK NUMBER | |
| International Standard Book Number | 978-92-2-324294-7 |
| 041 ## - LANGUAGE CODE | |
| Language code of text/sound track or separate title | spa |
| 100 1# - MAIN ENTRY--PERSONAL NAME | |
| Personal name | Maurizio, Roxana |
| 245 10 - TITLE STATEMENT | |
| Title | Trabajadores independientes, mercado laboral e informalidad en Argentina |
| 264 #1 - PRODUCTION, PUBLICATION, DISTRIBUTION, MANUFACTURE, AND COPYRIGHT NOTICE | |
| Place of production, publication, distribution, manufacture | Buenos Aires : |
| Name of producer, publisher, distributor, manufacturer | OIT |
| Date of production, publication, distribution, manufacture, or copyright notice | 2011 |
| 300 ## - PHYSICAL DESCRIPTION | |
| Extent | 235 p. |
| Dimensions | 30 cm. |
| 505 ## - FORMATTED CONTENTS NOTE | |
| Formatted contents note | 1. Empleo independiente : motivaciones para su análisis y principales hallazgos / Fabio Bertranou y Roxana Maurizio – 2. Hipótesis y evidencia empírica sobre el empleo independiente / Fabio Bertranou y Roxana Maurizio – 3. Caracterización del trabajo independiente en Argentina. Un análisis descriptivo de largo plazo, 1974 – 2009 / Maribel Jiménez – 4. La informalidad en el trabajo independiente: ¿ escape o exclusión ? – 5. Movilidad ocupacional de los trabajadores independientes en Argentina. Un análisis de su intensidad, características y determinantes / Roxana Maurizio – 6. El trabajo independiente en los registros de la Seguridad Social / Hernán Ruffo. |
| 590 ## - LOCAL NOTE (RLIN) | |
| Local note | niveau_biblio:m niveau_hierar:0 |
| 700 1# - ADDED ENTRY--PERSONAL NAME | |
| Personal name | Bertranou, Fabio |
| 700 1# - ADDED ENTRY--PERSONAL NAME | |
| Personal name | Contartese, Daniel |
| 700 1# - ADDED ENTRY--PERSONAL NAME | |
| Personal name | Jimenéz, Maribel |
| 700 1# - ADDED ENTRY--PERSONAL NAME | |
| Personal name | Mazorra, Ximena |
| 700 1# - ADDED ENTRY--PERSONAL NAME | |
| Personal name | Ruffo, Hernán |
| 700 1# - ADDED ENTRY--PERSONAL NAME | |
| Personal name | Schachtel, Lila |
| 700 1# - ADDED ENTRY--PERSONAL NAME | |
| Personal name | Schleser, Diego |
| 856 41 - ELECTRONIC LOCATION AND ACCESS | |
| Uniform Resource Identifier | <a href="https://www.biblioeco.unsa.edu.ar/pmb/images/libros/L127074.jpg">https://www.biblioeco.unsa.edu.ar/pmb/images/libros/L127074.jpg</a> |
| Link text | Imagen de portada |
| Electronic format type | image/jpeg |
| 942 ## - ADDED ENTRY ELEMENTS (KOHA) | |
| Koha item type | |
| Withdrawn status | Lost status | Damaged status | Not for loan | Home library | Current library | Shelving location | Date acquired | Total checkouts | Full call number | Barcode | Date last seen | Price effective from | Koha item type |
|---|---|---|---|---|---|---|---|---|---|---|---|---|---|
| Biblioteca Prof. Eusebio Cleto del Rey | Biblioteca Prof. Eusebio Cleto del Rey | 07/04/2026 | 331.5 B548t | L127074 | 07/04/2026 | 07/04/2026 | Libro |